| 000 | 00449nam a2200145Ia 4500 | ||
|---|---|---|---|
| 008 | 210716s1989 xx 000 0 und d | ||
| 041 | _aeng | ||
| 082 | _a005.133 GOOM | ||
| 100 | _aGoodwin, Mark. | ||
| 245 |
_aUser interfaces in c: programmers guide to state of the art interfaces. _bProgrammers guide to state of the art interfaces. |
||
| 250 | _a1 | ||
| 260 |
_aNew Delhi _bBPB Publications _c1989 |
||
| 300 | _ax,344 | ||
| 650 | _aC Programming | ||
| 999 |
_c181952 _d181952 |
||